Catalog

Record Details

Catalog Search



Naděje bez hranic  Cover Image Book Book

Naděje bez hranic / Lea Paulínová

Paulínová, Lea (Author).

Record details

  • ISBN: 978-80-254-2115-4
  • Physical Description: 97 s. ; 21 cm
  • Publisher: [Praha : Lea Paulínová], c2007
Subject: rozvoj osobnosti
sebeuzdravování
pozitivní myšlení
personality development
health self-care
positive thinking
Genre: populárně-naučné publikace
popular works

Available copies

  • 1 of 1 copy available at Common Catalog SPOK.

Holds

  • 0 current holds with 1 total copy.
Show Only Available Copies
Location Call Number / Copy Notes Barcode Shelving Location Status Due Date
Jabok Library Psy-4/P 424480040757 Odborná literatura Available -

LDR 01298nam a2200373 a 4500
00130398
003CZ-PrJAB
00520220321092918.0
007ta
008080317s2007 xr e f 000 0 cze
015 . ‡acnb001794200
020 . ‡a978-80-254-2115-4 ‡q(v knize neuvedeno ; ‡qkroužková vazba)
035 . ‡a(CZ PrNK)nkc20081794200
035 . ‡a(OCoLC)228781526
040 . ‡aABA001 ‡bcze
072 7. ‡a159.92 ‡xVývojová psychologie. Individuální psychologie ‡2Konspekt ‡917
080 . ‡a159.923.5 ‡2MRF
080 . ‡a615.851 ‡2MRF
080 . ‡a(0.062) ‡2MRF
1001 . ‡aPaulínová, Lea ‡7jx20080318043 ‡4aut
24510. ‡aNaděje bez hranic / ‡cLea Paulínová
260 . ‡a[Praha : ‡bLea Paulínová], ‡cc2007
300 . ‡a97 s. ; ‡c21 cm
65007. ‡arozvoj osobnosti ‡7ph194683 ‡2czenas
65007. ‡asebeuzdravování ‡7ph125452 ‡2czenas
65007. ‡apozitivní myšlení ‡7ph124475 ‡2czenas
65009. ‡apersonality development ‡2eczenas
65009. ‡ahealth self-care ‡2eczenas
65009. ‡apositive thinking ‡2eczenas
655 7. ‡apopulárně-naučné publikace ‡7fd131864 ‡2czenas
655 9. ‡apopular works ‡2eczenas
910 . ‡aABG312
901 . ‡a30398 ‡b ‡c30398 ‡tbiblio

Additional Resources